000 00679nam a22002657a 4500
001 BR6004338
003 BR-BrBNA
005 20230928095548.0
007 ta
008 230509b bl.||||| |||| 00| 0 por d
040 _aBR-BrBNA
_bpor
_cBiblioteca Nacional de Agricultura
041 _a(Por)
072 _aE11
090 _ E11 BR6004338
100 1 _aSilva, J.G. da
245 1 _aPosse da terra e reforma agraria. O caso brasileiro
260 3 _a[np](Brasil):
_c1971.
300 _a46 p.
500 _a8 tables
650 _aReforma Agraria
650 _aPosse de Terra
650 _aDistribuicao de Terra
909 _a202309
_bLucia
_c55
_dLucia Elande
942 _cBK
999 _c57310
_d57310